000 00506nam a2200181Ia 4500
008 240925s9999 xx 000 0 und d
020 _a9788131504000
082 _a620.00151 SCH
100 _aSchilling, Robert J.
245 0 _aApplied Numerical Methods for Engineering: Using MATLAB and C
250 _aNA
260 _aNew Delhi:
_bCengage Learning
_c,2007.
300 _a461p.
_b0
_fOriginal
500 _aIncludes Index
600 _aEngineering Technology
650 _aTechnology
942 _cBK
999 _c12578
_d12578